Křížovky pro seniory : s tipy pro vaši zahrádku : [velké písmo, snadné čtení]

Korporativní autor: Amipa (firma)
Jazyk: Čeština
Vydáno: Praha : Fragment, 2013
Vydání: 2. vyd.
Témata:
Fyzický popis: 128 s. ; 30 cm
Knihy
Uloženo v:
LEADER 01379nam a2200409 a 4500
001 nkc20132520944
003 CZ PrNK
005 20241009100505.0
007 ta
008 131119s2013 xr g 000 0 cze
020 |q (Brož.) :  |c Kč 99,00 
040 |a ABA001  |b cze 
072 7 |a 793  |x Společenská zábava  |2 Konspekt  |9 20 
080 |a 793.7  |2 MRF 
080 |a 633/635.018  |2 MRF 
080 |a 633/635.01/.04  |2 MRF 
080 |a (082)  |2 MRF 
245 0 0 |a Křížovky pro seniory :  |b s tipy pro vaši zahrádku : [velké písmo, snadné čtení] 
246 1 |i Název v tiráži:  |a Křížovky pro seniory s tipy pro vaši zahrádku 
250 |a 2. vyd. 
260 |a Praha :  |b Fragment,  |c 2013 
300 |a 128 s. ;  |c 30 cm 
500 |a Vydáno pro firmu Amipa 
650 0 7 |a křížovky  |7 ph117217  |2 czenas 
650 0 7 |a zahrádkářství  |7 ph116733  |2 czenas 
650 0 7 |a pěstování zahradních rostlin  |7 ph124860  |2 czenas 
650 0 9 |a crossword puzzles  |2 eczenas 
650 0 9 |a gardening  |2 eczenas 
650 0 9 |a garden plants cultivation  |2 eczenas 
655 7 |a sborníky  |7 fd163935  |2 czenas 
655 9 |a miscellanea  |2 eczenas 
710 2 |a Amipa (firma)  |7 xx0026964 
910 2 |a BOA001  |b 4-1317.202 
990 |a BK 
995 |a 11 
991 |b 201401  |c NOV  |e n 
996 6 |b 2610574314  |c 4-1317.202  |l MZK  |r Sklad / do 1 hodiny  |n 0  |p p.v.  |w 001389904  |u 000010  |a 1  |e BOA001  |j MZK50  |s P